书目信息 |
| 题名: |
AutoCAD 2008中文版完美自学手册
|
|
| 作者: | 高长银 , 杨学围 编著 | |
| 分册: | ||
| 出版信息: | 北京 电子工业出版社 2008.03 |
|
| 页数: | 16, 436页 | |
| 开本: | 28cm | |
| 丛书名: | 职场无忧 | |
| 单 册: | ||
| 中图分类: | TP391.72-62 | |
| 科图分类: | ||
| 主题词: | 计算机辅助设计--ji suan ji fu zhu she ji--应用软件--手册 | |
| 电子资源: | ||
| ISBN: | 978-7-121-05296-5 | |
| 000 | 01145nam 2200277 450 | |
| 001 | 012008967304 | |
| 005 | 20080901140628.81 | |
| 010 | @a978-7-121-05296-5@dCNY52.00 (含光盘) | |
| 010 | @a978-7-89485-589-3@b光盘 | |
| 100 | @a20080901d2008 em y0chiy0120 ea | |
| 101 | 0 | @achi |
| 102 | @aCN@b110000 | |
| 105 | @aa z 000yy | |
| 106 | @ar | |
| 200 | 1 | @aAutoCAD 2008中文版完美自学手册@AAutoCAD 2008 zhong wen ban wan mei zi xue shou ce@e图例导学版@f高长银, 杨学围编著@Fgao chang yin,yang xue wei bian zhu |
| 210 | @a北京@c电子工业出版社@d2008.03 | |
| 215 | @a16, 436页@c图@d28cm@e光盘1片 | |
| 225 | 2 | @a职场无忧@Azhi chang wu you |
| 330 | @a本书从软件知识与职业应用的角度,以基础知识与大量实例相结合的方式,详细介绍了AutoCAD 2008中文版的各种基本操作、技巧、常用功能以及应用实例。全书共17章,分职业入门知识、软件学习应用、职业实践提高3大篇。 | |
| 410 | 0 | @12001 @a职场无忧 |
| 606 | 0 | @a计算机辅助设计@Aji suan ji fu zhu she ji@x应用软件@j手册 |
| 690 | @aTP391.72-62@v4 | |
| 701 | 0 | @a高长银@Agao chang yin@4编著 |
| 701 | 0 | @a杨学围@Ayang xue wei@4编著 |
| 801 | 0 | @aCN@bQSSK@c20080901 |
| 905 | @b733203-05@dTP391.72-62@eG108@f3 | |
| AutoCAD 2008中文版完美自学手册:图例导学版/高长银, 杨学围编著.-北京:电子工业出版社,2008.03 |
| 16, 436页:图;28cm+光盘1片.-(职场无忧) |
| ISBN 978-7-121-05296-5:CNY52.00 (含光盘) |
| 本书从软件知识与职业应用的角度,以基础知识与大量实例相结合的方式,详细介绍了AutoCAD 2008中文版的各种基本操作、技巧、常用功能以及应用实例。全书共17章,分职业入门知识、软件学习应用、职业实践提高3大篇。 |
| ● |
| 相关链接 |
|
|
|
正题名:AutoCAD 2008中文版完美自学手册
索取号:TP391.72-62/G108
 
预约/预借
| 序号 | 登录号 | 条形码 | 馆藏地/架位号 | 状态 | 备注 |
| 1 | 733203 | 207332037 | 自科二线404/404自科库 19排5列4层/ [索取号:TP391.72-62/G108] | 在馆 | |
| 2 | 733204 | 207332046 | 自科库301/301自科库 113排1列1层/ [索取号:TP391.72-62/G108] | 在馆 | |
| 3 | 733205 | 207332055 | 自科库301/301自科库 113排1列1层/ [索取号:TP391.72-62/G108] | 在馆 |